header

Black pilgrimage to Islam (Record no. 50525)

MARC details
000 -LEADER
fixed length control field 01308nam a22003254a 4500
082 04 - DEWEY DECIMAL CLASSIFICATION NUMBER
Classification number 297.8/7/0973
100 1# - MAIN ENTRY--AUTHOR NAME
Personal name Dannin, Robert,
245 10 - TITLE STATEMENT
Title Black pilgrimage to Islam
260 ## - PUBLICATION, DISTRIBUTION, ETC. (IMPRINT)
Place of publication Oxford ;
-- New York :
Name of publisher Oxford University Press,
Year of publication 2002.
300 ## - PHYSICAL DESCRIPTION
Number of Pages x, 328 p. :
Other physical details ill.
650 #0 - SUBJECT ADDED ENTRY--TOPICAL TERM
Topical Term Islam
Topical Term African American Muslims
Topical Term Muslim converts
Topical Term Black Muslims
856 40 - ELECTRONIC LOCATION AND ACCESS
Uniform Resource Identifier http://site.ebrary.com/lib/rucke/Doc?id=10085241

No items available.

© 2026 Rongo University
Contact us: librarian | system librarian | Rongo university